000
00307nam a2200121Ia 4500
008
240624s9999 xx 000 0 und d
041
_a
eng
082
_a
332 NAR
100
_a
NARAYANAN M P
245
_a
FINANCE FOR STRATEGIC DECISION MAKING WH
260
_c
2006
_a
New Delhi
_b
Wiley India
365
_c
RS
_b
31
999
_c
22906
_d
22906